000 00767nam a2200205 i 4500
001 C2-0341799
003 PPAK
005 20180729001423.0
008 170614s2003 my |||| ||||| | may d
040 _aPPAK
_beng
_cPPAK
_erda
245 1 0 _aCinta 3 musim
264 1 _aKuala Lumpur :
_bWayang Tinggi Entertainment ,
_c2003
336 _2rdacontent
_atext
337 _2rdamedia
_aunmediated
338 _2rdacarrier
_avolume
500 _aSummaries : Ayuni dan Imran menjumpai cinta sejati. Namun cinta mereka terhalang dan terpaksa berpisah. Lima tahun kemudian ... mereka bertemu lagi. Ayuni dan Imran kini hampir pasti mereka dicipta untuk bersama. Dilemmanya Imrasn sudah pun
700 _eauthor
700 0 _aAziz M. Osman,
_ecompile
942 _2ddc
_cVCD
999 _c167950
_d167950